000
00398nam a2200133Ia 4500
008
151001s9999||||xx |||||||||||||| ||und||
100
_a
अरुणकुमार मुखेडकर
245
_a
लेखी करार व दस्तऐवज
250
_a
3
260
_b
शिवांश पब्लिकेशन
260
_c
2005
300
_a
607
365
_b
21
999
_c
985610
_d
985607